Vistas in astronomy (Record no. 8811)

MARC details
000 -LEADER
fixed length control field 00630nam a2200193Ia 4500
003 - CONTROL NUMBER IDENTIFIER
control field IN-BaIIA
008 - FIXED-LENGTH DATA ELEMENTS--GENERAL INFORMATION
fixed length control field 211028s9999 xx 000 0 eng d
040 ## - CATALOGING SOURCE
Transcribing agency IIA Library
080 ## - UNIVERSAL DECIMAL CLASSIFICATION NUMBER
Universal Decimal Classification number 047.1:52
Item number VIA-12
245 #0 - TITLE STATEMENT
Title Vistas in astronomy
Remainder of title vol. 12, the Henry norris Russell memorial volume
Statement of responsibility, etc. edited by Arthur Beer
260 ## - PUBLICATION, DISTRIBUTION, ETC.
Place of publication, distribution, etc. Oxford
Name of publisher, distributor, etc. Pergamon Press
Date of publication, distribution, etc. 1970
300 ## - PHYSICAL DESCRIPTION
Extent viii, 426p.
650 ## - SUBJECT ADDED ENTRY--TOPICAL TERM
Topical term or geographic name entry element Astronomy
9 (RLIN) 80
650 ## - SUBJECT ADDED ENTRY--TOPICAL TERM
Topical term or geographic name entry element Astrophysics
9 (RLIN) 794
650 ## - SUBJECT ADDED ENTRY--TOPICAL TERM
Topical term or geographic name entry element Henry norris Russel-Biography
9 (RLIN) 14820
650 ## - SUBJECT ADDED ENTRY--TOPICAL TERM
Topical term or geographic name entry element Memorial volume
9 (RLIN) 14821
700 ## - ADDED ENTRY--PERSONAL NAME
Personal name Beer, Arthur ed.
9 (RLIN) 3137
942 ## - ADDED ENTRY ELEMENTS (KOHA)
Koha item type Books
Holdings
Withdrawn status Lost status Damaged status Not for loan Home library Current library Shelving location Date acquired Total Checkouts Full call number Barcode Date last seen Price effective from Koha item type
        IIA Library-Bangalore IIA Library-Bangalore General Stacks 11/09/1986   047.1:52/ VIA-12 9689 05/11/2021 11/09/1986 Books

Powered by Koha